| 000 | 00987nam a22003137a 4500 | ||
|---|---|---|---|
| 003 | CHAP | ||
| 005 | 20231109113551.0 | ||
| 008 | 971013s1992 r 00010 d | ||
| 010 | _a8006 | ||
| 011 | _a8978 | ||
| 035 | _a8212 | ||
| 040 | _cCHAP | ||
| 082 |
_a338.19 _bP7Y 1992 v.34 |
||
| 110 | 0 |
_aPrograma Mundial de Alimentos (PMA) _992330 |
|
| 245 | _aInforme del período de sesiones del Comité de Políticas y Programas de Ayuda Alimentaria (34) | ||
| 260 |
_aRoma : _bFAO, _c1992 |
||
| 300 | _a102 P | ||
| 590 |
_aBATCH-UPD _b10 _c20130110 _lUCH01 _h0856 |
||
| 590 |
_aBATCH-UPD _b10 _c20130410 _lUCH01 _h0527 |
||
| 590 |
_aBATCH-UPD _b10 _c20130914 _lUCH01 _h0121 |
||
| 590 |
_aCONVERSION _b10 _c20130109 _lUCH01 _h1305 |
||
| 650 | 1 | 4 |
_aAlimentos _xAbastecimiento. |
| 650 | 1 | 4 |
_aAyuda alimentaria. _99032 |
| 650 | 1 | 4 |
_aPolítica alimentaria. _990389 |
| 710 | 0 | _aFAO. | |
| 901 | _aBK | ||
| 942 | _cLIBRO | ||
| 949 |
_a338.19 P7Y 1992 v.34 _bBC _cFAO _d-18378 _eFAO1 _h84441 _i8212 _mD _si |
||
| 999 |
_c8006 _d8006 |
||